00573nam a2200181Ia 450000500170000000800410001702000180005804000180007604100080009408200220010210000250012424501140014925000120026326000440027530000300031965000210034970000210037020220921142120.0210716s2001 xx 000 0 und d a9788131726884 cAIMIT LUBRARY aeng a006.67123b MUGK aMughal, Khalid Azim. aProgrammers guide to java certification: bcomprehensive primer /cBy Khalid A. Mughal and Rolf W. Rasmussen. a3rd ed. aNew Delhi :bPearson Education ,c2001. axivi,1039p. ;bPBc24 cm  aJava Programming aRasmussen, Rolf.